000 00280nam a22001337a 4500
008 171016b xxu||||| |||| 00| 0 eng d
020 _a137500262
041 _aeng
080 _a33
100 _a52
101 _aEKO
245 _aRACE AND POVERTY
_cKAIN,J,F
942 _2udc
_cBK
999 _c34152
_d34152